| 000 | 00742nam a2200181 4500 | ||
|---|---|---|---|
| 001 | 127969 | ||
| 003 | ES-MaACL | ||
| 005 | 20230906193130.0 | ||
| 007 | t| | ||
| 008 | 070214s1983 sp r ||||1| spa d | ||
| 100 | 1 |
_aRivero Laguna, Jesús. _997704 |
|
| 245 | 1 | 0 |
_aSistemas elementales de conmutación _b: una introducción a su tecnología / _cpor Jesús Rivero Laguna, Javier López Sánchez. |
| 260 |
_aMadrid : _bEscuela Técnica Superior de Ingenieros de Telecomunicación, _c1983. |
||
| 300 |
_aIX, 152 p. : _bil. ; _c29 cm. |
||
| 700 | 1 |
_aLópez Sánchez, Javier. _973954 |
|
| 710 | 2 |
_aUniversidad Politécnica de Madrid. _bEscuela Técnica Superior de Ingenieros de Telecomunicación. _97441 |
|
| 852 |
_aES-MaACL _jL-7245 _bR.107844 |
||
| 999 |
_c127969 _d127969 |
||